| 000 -LEADER |
| fixed length control field |
00651nam a2200229Ia 4500 |
| 001 - CONTROL NUMBER |
| control field |
1553 |
| 003 - CONTROL NUMBER IDENTIFIER |
| control field |
GE_BSU |
| 008 - FIXED-LENGTH DATA ELEMENTS--GENERAL INFORMATION |
| fixed length control field |
181216s||||||||xx |||||||||||||| ||und|| |
| 040 ## - CATALOGING SOURCE |
| Transcribing agency |
GE_BSU |
| 080 ## - UNIVERSAL DECIMAL CLASSIFICATION NUMBER |
| Universal Decimal Classification number |
624.014.2 |
| 100 ## - MAIN ENTRY--PERSONAL NAME |
| Personal name |
Тахтамышев,А.Г. |
| 245 ## - TITLE STATEMENT |
| Title |
Примеры расчета стальных конструкций. |
| 245 ## - TITLE STATEMENT |
| Remainder of title |
Изд. 2-е, перер. |
| 250 ## - EDITION STATEMENT |
| Edition statement |
Изд. 2-е, перер. |
| 260 ## - PUBLICATION, DISTRIBUTION, ETC. |
| Place of publication, distribution, etc. |
М. |
| 260 ## - PUBLICATION, DISTRIBUTION, ETC. |
| Name of publisher, distributor, etc. |
Строийздат. |
| 260 ## - PUBLICATION, DISTRIBUTION, ETC. |
| Date of publication, distribution, etc. |
1978. |
| 300 ## - PHYSICAL DESCRIPTION |
| Extent |
240 стр. 21 см. |
| 653 ## - INDEX TERM--UNCONTROLLED |
| Uncontrolled term |
Примеры расчета стальных кострукций |
| 942 ## - ADDED ENTRY ELEMENTS (KOHA) |
| Koha item type |
წიგნი |